000 00527nam a2200205Ia 4500
003 OSt
005 20250220095203.0
008 210707s1982 xx 000 0 und d
040 _cAL
041 _aKannada
082 _aK894.2 SHRS
100 _aSHRIRANGA
_9136947
_dಶ್ರೀರಂಗ
245 _aSandyakala.
_bಸಂಧ್ಯಾಕಾಲ
260 _aBengaluru
_bVishva Kannada Sammelana
_c1982
300 _a84,vi p
365 _b2
_cINR
563 _aPB
650 _aKannada Drama
_9136948
942 _2ddc
_cBK
999 _c180170
_d180170